Land nach Fußballvereinswappen - Teil 2 - Statistiken

Allgemein
  • Dieses Quiz wurde 67 mal gespielt
  • Das Durchschnittsergebnis liegt bei 12 aus 16
Antwortstatistiken
Bildquiz Antwort % Korrekt
Deutschland
98%
Niederlande
97%
Spanien
95%
Italien
92%
Saudi-Arabien
89%
Brasilien
85%
Rumänien
82%
Zypern
82%
Vereinigte Staaten
77%
Schweiz
75%
Frankreich
69%
Serbien
62%
Dänemark
57%
England
51%
Polen
44%
Norwegen
18%
Keine übereinstimmenden Quizze gefunden
Verteilung der Resultate
Anzahl Personen mit jedem Resultat
Perzentil nach korrekt beantworteten Fragen
Ihre Resultats-Entwicklung
Sie haben dieses Quiz noch nicht gespielt